000 00659nam a2200157 4500
001 121015
003 ES-MaACL
005 20230906191653.0
007 t|
008 070214s1912 mx r ||||1| spa d
100 1 _aPonce de León, Gregorio.
_992948
245 1 3 _aEl interinato presidencial de 1911
_b: obra escrita ... por el licenciado Gregorio Ponce de León, sobre la tarea que realizó el Señor licenciado Don Francisco León de la Barra, como presidente interino de la república /
_cGregorio Ponce de León.
260 _aMéxico :
_b[s.n.],
_c1912 (
_fImpr. de la Secretaría de Fomento)
300 _a290 p. ;
_c22 cm.
852 _aES-MaACL
_jF-672
999 _c121015
_d121015